Leeds United most expensive signings - Statistics

General Stats
  • This quiz has been taken 62 times
  • The average score is 7 of 10
Answer Stats
Bought from Season Fee (€) Player % Correct
Manchester United 21/22 29.1 million Dan James
94%
TSG Hoffenheim 22/23 40.5 million Georginio Rutter
90%
West Ham United 00/01 26 million Rio Ferdinand
84%
Valencia 20/21 30 million Rodrigo
84%
RB Salzburg 22/23 32.84 million Brenden Aaronson
82%
AC Milan 25/26 19 million Noah Okafor
78%
TSG Hoffenheim 25/26 20 million Anton Stach
74%
Real Sociedad 20/21 20 million Diego Llorente
64%
Feyenoord 22/23 25 million Luis Sinisterra
58%
RB Leipzig 20/21 21 million Jean-Kévin Augustin
40%
No matching quizzes found
Score Distribution
Percent of People with Each Score
Percentile by Number Answered
Your Score History
You have not taken this quiz